| 000 | 00957nam a22003137a 4500 | ||
|---|---|---|---|
| 001 | BR0505185 | ||
| 003 | BR-BrBNA | ||
| 005 | 20230928102033.0 | ||
| 007 | ta | ||
| 008 | 230509b bl.||||| |||| 00| 0 por d | ||
| 040 |
_aBR-BrBNA _bpor _cBiblioteca Nacional de Agricultura |
||
| 041 | _a(Por) | ||
| 072 |
_aE16 _b0120 |
||
| 090 | _ 0120 BR0505185 | ||
| 110 | 1 |
_aFundação MS para Pesquisa e Difusão de Tecnologias Agropecuárias, Maracaju, MS (Brasil) _94993 |
|
| 245 | 1 | _aMilho; safra verão 2000; resultados de pesquisa e experimentação; safra 99/2000 | |
| 260 | 3 |
_aMaracaju, MS (Brasil): _c2000. |
|
| 300 | _a27 p. | ||
| 500 | _a11 tables; 5 illus. | ||
| 650 | _aMILHO HÍBRIDO | ||
| 650 | _aGRÃO | ||
| 650 | _aCULTURA DE VERÃO | ||
| 650 | _aPREVISÃO DE SAFRA | ||
| 650 | _aSISTEMA DE PRODUÇÃO | ||
| 650 | _aESTATÍSTICA DE PRODUÇÃO | ||
| 650 | _aMATO GROSSO DO SUL | ||
| 909 |
_a202309 _bLucia _c55 _dLucia Elande |
||
| 942 | _cBK | ||
| 999 |
_c68823 _d68823 |
||